000 00829cam a2200217 i 4500
005 20260127121218.0
008 250721s2022 jo gr 000 0 ara d
020 _a9789923255544
082 1 4 _a355.343
_bا خ م
100 1 _aاخميس، حنان مصطفى
_eمؤلف.
245 1 0 _aعلم المخابرات والحرب النفسية /
_cد.حنان مصطفى إخميس.
250 _aالطبعة الاولى.
264 3 1 _aعمان :
_bدار أمجد للنشر والتوزيع، إبصار ناشرون وموزعون، دار كفاءة المعرفة،
_c2022.
300 _a94 صفحة.
650 1 7 _aالحرب النفسية.
650 1 7 _aالمخابرات.
650 1 7 _aالتجسس.
650 1 7 _aالعلوم العسكرية.
942 _2ddc
_cBK
999 _c147219
_d147219